Statistics for 2022 MOTOGP RIDERS

Click here to take the quiz!

General Stats

  • This quiz has been taken 37 times
  • The average score is 20 of 24

Answer Stats

TEAMRIDERCOUNTRY% Correct
RED BULL KTMBRAD BINDERSOUTH AFRICA
100%
DUCATIFRANCESCO BAGNAIAITALY
100%
DUCATIJACK MILLERAUSTRALIA
100%
PRAMACJORGE MARTINSPAIN
100%
HONDAMARC MARQUEZSPAIN
100%
LCR HONDAALEX MARQUEZSPAIN
97%
RNF YAMAHADARRYN BINDERSOUTH AFRICA
94%
YAMAHAFABIO QUARTARARROFRANCE
94%
SUZUKIJOAN MIRSPAIN
94%
RED BULL KTMMIGUEL OLIVEIRAPORTUGAL
94%
HONDAPOL ESPARGAROSPAIN
94%
APRILLIAALEIX ESPARGAROSPAIN
92%
PRAMACJOHANN ZARCOFRANCE
92%
SUZUKIALEX RINSSPAIN
89%
SKY VR46LUCA MARINIITALY
89%
GRESINIENEA BASTIANNINIITALY
86%
YAMAHAFRANCO MORBIDELLIITALY
86%
ARILLIAMAVERICK VIÑALESSPAIN
81%
RNF YAMAHAANDREA DOVIZIOSOITALY
78%
LCR HONDATAKAAKI NAKAGAMIJAPAN
75%
KTM TECH3REMY GARDNERAUSTRALIA
72%
SKY VR46MARCO BEZZECHIITALY
67%
KTM TECH 3RAUL FERNANDEZSPAIN
64%
GRESINIFABIO DI GIANNONTONIOITALY
3%

Score Distribution

Percentile by Number Answered

Percent of People with Each Score

Your Score History

You have not taken this quiz